[Event "GER-chT U20"]
[Site "Willingen"]
[Date "2021.06.25"]
[Round "4"]
[White "Foo, Tzun Hong"]
[Black "Wu, Leon"]
[Result "0-1"]
[WhiteElo "1909"]
[BlackElo "1981"]
[PlyCount "118"]
[EventDate "2021.06.24"]
[EventType "team-swiss"]
[EventRounds "7"]
[EventCountry "GER"]
[SourceTitle "CBM 203 Extra"]
[Source "ChessBase"]
[SourceDate "2021.09.30"]
[SourceVersion "1"]
[SourceVersionDate "2021.09.30"]
[SourceQuality "1"]
[WhiteTeam "Hamburger SK"]
[BlackTeam "Baden-Baden"]
[WhiteTeamCountry "GER"]
[BlackTeamCountry "GER"]

1. e4 c5 2. Nf3 d6 3. d4 cxd4 4. Nxd4 Nf6 5. Nc3 g6 6. g3 Nc6 7. Bg2 Bg7 8. Nde2 0-0 9. 0-0 Rb8 10. a4 a6 11. Nd5 e6 12. Nxf6+ Bxf6 13. c3 b5 14. Bh6 Re8 15. Bf4 Ne5 16. Qc2 Qc7 17. Rfd1 Rd8 18. Nd4 Bd7 19. axb5 axb5 20. Nf3 Nxf3+ 21. Bxf3 e5 22. Be3 Be7 23. Ra7 Rb7 24. Rda1 Rdb8 25. Qd2 Bf8 26. Qd1 Bc6 27. R1a6 Qc8 28. Rxb7 Rxb7 29. Qb3 Kg7 30. Bg2 Rd7 31. Ra7 Rxa7 32. Bxa7 Qa8 33. Be3 Qa1+ 34. Bf1 Bxe4 35. Qxb5 d5 36. Qe2 Be7 37. f3 Bf5 38. Kg2 h5 39. Qd2 e4 40. Be2 Bf6 41. Bd4 Bxd4 42. Qxd4+ Kg8 43. Qd2 e3 44. Qxe3 Qxb2 45. Qe8+ Kg7 46. Qb5 Qd2 47. Kf2 Kh7 48. Qe8 Be6 49. Qc6 Qc1 50. Qc5 Qh1 51. Qd6 Qxh2+ 52. Ke3 h4 53. Bd3 Qg1+ 54. Ke2 Qg2+ 55. Ke3 hxg3 56. Qf8 Qf2+ 57. Kf4 Qd2+ 58. Ke5 Qxd3 59. Kf6 Qxc3+ 0-1

[Event "Hamburg-ch MA"]
[Site "Hamburg"]
[Date "2019.06.13"]
[Round "6"]
[White "Wenzel, Birger"]
[Black "Foo, Tzun Hong"]
[Result "1-0"]
[WhiteElo "2101"]
[BlackElo "1892"]
[PlyCount "75"]
[EventDate "2019.06.08"]
[EventType "swiss"]
[EventRounds "9"]
[EventCountry "GER"]
[SourceTitle "EXT 2022"]
[Source "ChessBase"]
[SourceDate "2021.10.06"]
[SourceVersion "1"]
[SourceVersionDate "2021.10.06"]
[SourceQuality "1"]

1. e4 c5 2. Nf3 d6 3. Bb5+ Nd7 4. 0-0 a6 5. Bd3 b5 6. c3 Ngf6 7. Re1 e6 8. Bc2 Be7 9. d4 cxd4 10. cxd4 0-0 11. Nc3 e5 12. a3 Qc7 13. h3 Bb7 14. d5 Nb6 15. g4 Qd7 16. Nh2 g6 17. Qd3 Rac8 18. Bd1 Rc4 19. Be3 Qd8 20. a4 Rb4 21. axb5 axb5 22. b3 Nxe4 23. Bxb6 Qxb6 24. Rxe4 Rxe4 25. Nxe4 f5 26. gxf5 gxf5 27. Nc3 Bh4 28. Qe3 Qc7 29. Nf3 f4 30. Qd3 Qg7+ 31. Kf1 e4 32. Qxe4 Bf6 33. Ra7 Bxc3 34. Bc2 b4 35. Ng5 h6 36. Ne6 Qe7 37. Qg6+ Kh8 38. Qxh6+ 1-0

[Event "Hamburg-ch MA"]
[Site "Hamburg"]
[Date "2019.06.12"]
[Round "5"]
[White "Becker Bertau, Friedrich"]
[Black "Foo, Tzun Hong"]
[Result "1-0"]
[WhiteElo "1886"]
[BlackElo "1892"]
[PlyCount "77"]
[EventDate "2019.06.08"]
[EventType "swiss"]
[EventRounds "9"]
[EventCountry "GER"]
[SourceTitle "EXT 2022"]
[Source "ChessBase"]
[SourceDate "2021.10.06"]
[SourceVersion "1"]
[SourceVersionDate "2021.10.06"]
[SourceQuality "1"]

1. d4 Nf6 2. Nf3 e6 3. g3 b6 4. Bg2 Bb7 5. 0-0 Be7 6. c4 d5 7. b3 0-0 8. Ne5 Nfd7 9. f4 f6 10. Nd3 c5 11. e3 Qc7 12. cxd5 exd5 13. Nc3 Kh8 14. Nxd5 Qd6 15. dxc5 bxc5 16. Nxe7 Bxg2 17. Kxg2 Qxe7 18. Qf3 Na6 19. Ba3 Nb4 20. Bxb4 cxb4 21. e4 Rfe8 22. Rfe1 Rac8 23. Rac1 Rc3 24. Rxc3 bxc3 25. Rc1 Rc8 26. Rc2 a5 27. Nc1 Qb4 28. Ne2 a4 29. bxa4 Qxa4 30. Qd3 Nc5 31. Rxc3 Qxa2 32. Qb5 h6 33. Kf3 Qa7 34. Nd4 Qe7 35. Qe2 Re8 36. Re3 Qd7 37. Nf5 Qc6 38. Qc4 Rc8 39. Ne7 1-0

[Event "Hamburg-ch MA"]
[Site "Hamburg"]
[Date "2019.06.10"]
[Round "3"]
[White "Anderberg, Peter"]
[Black "Foo, Tzun Hong"]
[Result "1/2-1/2"]
[WhiteElo "2005"]
[BlackElo "1892"]
[PlyCount "81"]
[EventDate "2019.06.08"]
[EventType "swiss"]
[EventRounds "9"]
[EventCountry "GER"]
[SourceTitle "EXT 2022"]
[Source "ChessBase"]
[SourceDate "2021.10.06"]
[SourceVersion "1"]
[SourceVersionDate "2021.10.06"]
[SourceQuality "1"]

1. d4 Nf6 2. c4 e6 3. Nc3 Bb4 4. Qc2 c5 5. dxc5 Bxc5 6. Nf3 Nc6 7. Bg5 Be7 8. Rd1 0-0 9. e3 a6 10. a3 h6 11. h4 Qa5 12. Be2 d5 13. cxd5 Nxd5 14. Bxe7 Ncxe7 15. Rd3 b5 16. b4 Qc7 17. Nd4 Nb6 18. Bf3 Rb8 19. Ne4 Nc4 20. Nd2 e5 21. Ne2 Be6 22. 0-0 Rfc8 23. Rc1 Qb6 24. Rc3 Rc7 25. Nxc4 Bxc4 26. Ng3 Qf6 27. Ne4 Qb6 28. Nd2 Rbc8 29. Bg4 f5 30. Bxf5 Rf8 31. Nxc4 bxc4 32. Rxc4 Ra7 33. Be4 Rd7 34. Rc7 Rxc7 35. Qxc7 Qf6 36. f3 Rc8 37. Qxc8+ Nxc8 38. Rxc8+ Kf7 39. g3 Qd6 40. Rc2 Qd1+ 41. Kf2 1/2-1/2

[Event "Hamburg-ch MA"]
[Site "Hamburg"]
[Date "2019.06.08"]
[Round "1"]
[White "Schroeder, Christoph"]
[Black "Foo, Tzun Hong"]
[Result "1/2-1/2"]
[WhiteElo "2137"]
[BlackElo "1892"]
[PlyCount "94"]
[EventDate "2019.06.08"]
[EventType "swiss"]
[EventRounds "9"]
[EventCountry "GER"]
[SourceTitle "EXT 2022"]
[Source "ChessBase"]
[SourceDate "2021.10.06"]
[SourceVersion "1"]
[SourceVersionDate "2021.10.06"]
[SourceQuality "1"]

1. e4 c5 2. Nc3 a6 3. g3 b5 4. Bg2 Bb7 5. Nge2 e6 6. 0-0 Nf6 7. d3 Be7 8. e5 Bxg2 9. exf6 Bxf1 10. fxe7 Qxe7 11. Qxf1 0-0 12. a4 b4 13. Ne4 d5 14. Nd2 Nd7 15. b3 Rac8 16. Bb2 e5 17. Re1 Qd6 18. Qh3 f5 19. Qg2 Rce8 20. h4 Re6 21. Bc1 f4 22. g4 Ref6 23. f3 Rh6 24. Qf2 Qe7 25. g5 Rg6 26. Nf1 Qd8 27. Nh2 h6 28. Ng4 hxg5 29. h5 Re6 30. Kg2 e4 31. dxe4 dxe4 32. Ng1 Qe8 33. Qd2 exf3+ 34. Nxf3 Qxh5 35. Nf2 Rxe1 36. Nxe1 Nf6 37. Qd1 Qh4 38. Qf3 Re8 39. Ned3 Qh6 40. Nxc5 Qg6 41. Ncd3 a5 42. Qc6 Qf5 43. Qb5 Qxb5 44. axb5 Rb8 45. Bb2 Nd5 46. Bd4 Rxb5 47. Kf3 Nc7 1/2-1/2

[Event "JBLN West 1819"]
[Site "Germany"]
[Date "2019.02.17"]
[Round "5.6"]
[White "Foo, Tzun Hong"]
[Black "Koenig, Emmilie"]
[Result "1-0"]
[WhiteElo "1875"]
[BlackElo "1383"]
[PlyCount "67"]
[EventDate "2018.09.23"]
[EventType "team-tourn"]
[EventRounds "9"]
[EventCountry "GER"]
[SourceTitle "EXT 2020"]
[Source "ChessBase"]
[SourceDate "2019.10.17"]
[SourceVersion "1"]
[SourceVersionDate "2019.10.17"]
[SourceQuality "1"]
[WhiteTeam "Hamburger SK U20"]
[BlackTeam "Delmenhorst U20"]
[WhiteTeamCountry "GER"]
[BlackTeamCountry "GER"]

1. e4 c6 2. d4 d5 3. Nc3 e6 4. Nf3 Nd7 5. Bd3 Be7 6. 0-0 dxe4 7. Nxe4 Ngf6 8. c3 Nxe4 9. Bxe4 Nf6 10. Bd3 h6 11. Ne5 Bd6 12. f4 Qc7 13. Be3 Nd5 14. Qe2 Bxe5 15. fxe5 Nxe3 16. Qxe3 Qe7 17. Rf3 Bd7 18. Raf1 Rf8 19. b4 Kd8 20. a4 b6 21. Rb1 Rc8 22. c4 c5 23. a5 cxb4 24. axb6 axb6 25. Qe1 Bc6 26. Rg3 Qh4 27. Qf2 Be4 28. d5 Rc5 29. Qd4 exd5 30. cxd5 Rxd5 31. Qxb6+ Ke7 32. Qxb4+ Ke6 33. Bxe4 Kxe5 34. Re1 1-0

[Event "Hamburg-ch MB"]
[Site "Hamburg"]
[Date "2018.05.25"]
[Round "7"]
[White "Foo, Tzun Hong"]
[Black "Herlan, Klaus Juergen"]
[Result "1-0"]
[WhiteElo "1851"]
[BlackElo "1966"]
[PlyCount "67"]
[EventDate "2018.05.19"]
[EventType "swiss"]
[EventRounds "9"]
[EventCountry "GER"]
[SourceTitle "EXT 2020"]
[Source "ChessBase"]
[SourceDate "2019.10.17"]
[SourceVersion "1"]
[SourceVersionDate "2019.10.17"]
[SourceQuality "1"]

1. e4 d5 2. exd5 Nf6 3. d4 Bg4 4. Nf3 Qxd5 5. Be2 e6 6. 0-0 Nc6 7. c4 Qd7 8. Be3 0-0-0 9. Qb3 h5 10. Rd1 Bxf3 11. Bxf3 Ng4 12. Na3 Na5 13. Qc3 Qa4 14. c5 Nxe3 15. fxe3 Nc6 16. Bxc6 Qxc6 17. Nc4 f6 18. b4 h4 19. h3 Rh5 20. a4 Rg5 21. Rd2 Qf3 22. Kh1 Qe4 23. Rad1 Rg3 24. Kh2 g5 25. b5 g4 26. Qd3 Qd5 27. hxg4 Bh6 28. b6 a6 29. bxc7 Kxc7 30. Nb6 Qc6 31. Qh7+ Kb8 32. Qxh6 Rxg4 33. Qxf6 Qc7+ 34. Qe5 1-0

[Event "Hamburg-ch MB"]
[Site "Hamburg"]
[Date "2018.05.19"]
[Round "1"]
[White "Foo, Tzun Hong"]
[Black "Schwarzmann, Isja"]
[Result "1-0"]
[WhiteElo "1851"]
[BlackElo "2044"]
[PlyCount "79"]
[EventDate "2018.05.19"]
[EventType "swiss"]
[EventRounds "9"]
[EventCountry "GER"]
[SourceTitle "EXT 2020"]
[Source "ChessBase"]
[SourceDate "2019.10.17"]
[SourceVersion "1"]
[SourceVersionDate "2019.10.17"]
[SourceQuality "1"]

1. e4 c5 2. Nf3 Nc6 3. b4 Nxb4 4. c3 Nc6 5. d4 d6 6. Bd3 Bg4 7. Be3 Qa5 8. 0-0 Nf6 9. Qb3 Qb6 10. Nbd2 g6 11. h3 Bd7 12. d5 Qxb3 13. axb3 Nd8 14. c4 e5 15. Rfb1 Bg7 16. b4 b6 17. bxc5 bxc5 18. Ra6 Ke7 19. Rba1 Nb7 20. Rxa7 Rxa7 21. Rxa7 Rb8 22. Kh2 h5 23. Ng1 Ne8 24. f4 f5 25. Ngf3 Bh6 26. Ng5 Nf6 27. g3 Nd8 28. fxe5 dxe5 29. exf5 gxf5 30. Bxf5 Nb7 31. Bxd7 Kxd7 32. Ra6 Nd6 33. Bxc5 Bxg5 34. Rxd6+ Ke8 35. Re6+ Kf7 36. Nf3 Rb2+ 37. Kg1 Bc1 38. Nxe5+ Kg7 39. Bd4 Rd2 40. Nf3 1-0

[Event "Hamburg-ch MB"]
[Site "Hamburg"]
[Date "2017.06.09"]
[Round "7"]
[White "Foo, Tzun Hong"]
[Black "Biermann, Helge"]
[Result "1-0"]
[WhiteElo "1788"]
[BlackElo "1807"]
[PlyCount "69"]
[EventDate "2017.06.03"]
[EventType "swiss"]
[EventRounds "9"]
[EventCountry "GER"]
[SourceTitle "CBM 179 Extra"]
[Source "ChessBase"]
[SourceDate "2017.08.23"]
[SourceVersion "1"]
[SourceVersionDate "2017.08.23"]
[SourceQuality "1"]

1. e4 e6 2. c4 d5 3. exd5 exd5 4. d4 Bb4+ 5. Nc3 Nf6 6. a3 Be7 7. cxd5 Nxd5 8. Bc4 Nxc3 9. bxc3 0-0 10. Nf3 b6 11. 0-0 Bb7 12. Ne5 Bd5 13. Bxd5 Qxd5 14. c4 Qd8 15. Bb2 c6 16. f4 f6 17. Ng4 Na6 18. Ne3 Qc8 19. Rf3 Nc7 20. Rh3 Rf7 21. f5 g6 22. Qg4 Rg7 23. Re1 Qf8 24. Qh4 g5 25. Qh6 Rf7 26. Ng4 Re8 27. Qh5 Bxa3 28. Rxe8 Qxe8 29. Nxf6+ Rxf6 30. Qxh7+ Kf8 31. Bxa3+ c5 32. Qh8+ Ke7 33. Re3+ Ne6 34. Qg7+ Qf7 35. Rxe6+ 1-0

[Event "Hamburg-ch MB"]
[Site "Hamburg"]
[Date "2017.06.04"]
[Round "2"]
[White "Tesch, David"]
[Black "Foo, Tzun Hong"]
[Result "1/2-1/2"]
[WhiteElo "1857"]
[BlackElo "1788"]
[PlyCount "42"]
[EventDate "2017.06.03"]
[EventType "swiss"]
[EventRounds "9"]
[EventCountry "GER"]
[SourceTitle "CBM 179 Extra"]
[Source "ChessBase"]
[SourceDate "2017.08.23"]
[SourceVersion "1"]
[SourceVersionDate "2017.08.23"]
[SourceQuality "1"]

1. e4 c5 2. Nc3 a6 3. f4 b5 4. g3 Bb7 5. Bg2 e6 6. d3 Be7 7. Qe2 Nc6 8. Nf3 Nf6 9. 0-0 d5 10. h3 Qc7 11. g4 0-0-0 12. g5 Nh5 13. Ne5 Ng3 14. Qg4 Nxe5 15. Qxg3 Ng6 16. exd5 exd5 17. h4 h5 18. Qh3+ Kb8 19. f5 Ne5 20. Bf4 f6 21. Rae1 b4 1/2-1/2

[Event "Hamburg-ch MB"]
[Site "Hamburg"]
[Date "2017.06.03"]
[Round "1"]
[White "Foo, Tzun Hong"]
[Black "Chmielewski, Axel"]
[Result "1/2-1/2"]
[WhiteElo "1788"]
[BlackElo "1884"]
[PlyCount "71"]
[EventDate "2017.06.03"]
[EventType "swiss"]
[EventRounds "9"]
[EventCountry "GER"]
[SourceTitle "CBM 179 Extra"]
[Source "ChessBase"]
[SourceDate "2017.08.23"]
[SourceVersion "1"]
[SourceVersionDate "2017.08.23"]
[SourceQuality "1"]

1. e4 e6 2. d4 d5 3. exd5 exd5 4. c4 Nf6 5. Nc3 c6 6. Nf3 Bg4 7. Be3 Nbd7 8. cxd5 Nxd5 9. Nxd5 cxd5 10. Be2 Bd6 11. 0-0 0-0 12. Qd3 Rc8 13. Ng5 f5 14. Bxg4 h6 15. Ne6 Qh4 16. f4 fxg4 17. Nxf8 Rxf8 18. Qb5 Nb6 19. a4 Qd8 20. a5 Qd7 21. Qxd7 Nxd7 22. Rac1 Nf6 23. a6 bxa6 24. Rc6 Ne4 25. Rxa6 Rb8 26. Rxa7 Rxb2 27. Raa1 Rb3 28. Rfe1 Kf7 29. Rab1 Ra3 30. Bc1 Ra4 31. Rb7+ Kg6 32. Rd7 Rxd4 33. Rxg7+ Kh5 34. Be3 Rd3 35. Bf2 Bxf4 36. Rf7 1/2-1/2

[Event "Hamburg CC Easter op 3rd"]
[Site "Hamburg"]
[Date "2017.04.16"]
[Round "5"]
[White "Foo, Tzun Hong"]
[Black "Zippert, Georg"]
[Result "1/2-1/2"]
[WhiteElo "1806"]
[BlackElo "1849"]
[PlyCount "64"]
[EventDate "2017.04.14"]
[EventType "swiss"]
[EventRounds "7"]
[EventCountry "GER"]
[SourceTitle "EXT 2020"]
[Source "ChessBase"]
[SourceDate "2019.10.17"]
[SourceVersion "1"]
[SourceVersionDate "2019.10.17"]
[SourceQuality "1"]

1. e4 e5 2. Nf3 Nc6 3. Bb5 a6 4. Ba4 Nf6 5. 0-0 b5 6. Bb3 Be7 7. Re1 d6 8. c3 Bg4 9. d3 0-0 10. Nbd2 Na5 11. Bc2 c5 12. h3 Bh5 13. Nf1 Nd7 14. Ng3 Bg6 15. Nh2 Nc6 16. Rf1 Nb6 17. f4 exf4 18. Bxf4 Bf6 19. Qg4 Ne5 20. Qe2 b4 21. Rad1 bxc3 22. bxc3 Re8 23. Nh5 Bg5 24. d4 cxd4 25. cxd4 Nec4 26. Bd3 Rc8 27. Rc1 Qe7 28. Bxc4 Nxc4 29. Rxc4 Bxh5 30. Qxh5 Bxf4 31. Rxc8 Bxh2+ 32. Kxh2 Rxc8 1/2-1/2

[Event "Hamburg CC Easter op 3rd"]
[Site "Hamburg"]
[Date "2017.04.14"]
[Round "2"]
[White "Foo, Tzun Hong"]
[Black "Stolzenwald, Frank"]
[Result "1-0"]
[WhiteElo "1806"]
[BlackElo "1448"]
[PlyCount "49"]
[EventDate "2017.04.14"]
[EventType "swiss"]
[EventRounds "7"]
[EventCountry "GER"]
[SourceTitle "EXT 2020"]
[Source "ChessBase"]
[SourceDate "2019.10.17"]
[SourceVersion "1"]
[SourceVersionDate "2019.10.17"]
[SourceQuality "1"]

1. e4 e5 2. Nf3 Nf6 3. Bc4 Bc5 4. 0-0 Nxe4 5. d4 Bb6 6. Bd5 Nf6 7. Bg5 0-0 8. dxe5 c6 9. Bb3 d5 10. exf6 gxf6 11. Bh6 Re8 12. Qd3 Re4 13. Nc3 Rg4 14. Ne2 Na6 15. c3 Nc5 16. Qd1 Rg6 17. Bf4 Nxb3 18. Qxb3 Bg4 19. c4 Bxf3 20. Qxf3 d4 21. Rad1 Qd7 22. Be3 d3 23. Nf4 Bxe3 24. Qxe3 Rd8 25. Rxd3 1-0

[Event "GER-chT U14"]
[Site "Duesseldorf"]
[Date "2016.12.29"]
[Round "5.4"]
[White "Foo, Tzun Hong"]
[Black "Sewald, Richard"]
[Result "1/2-1/2"]
[WhiteElo "1751"]
[BlackElo "1710"]
[PlyCount "71"]
[EventDate "2016.12.27"]
[EventType "team-swiss"]
[EventRounds "7"]
[EventCountry "GER"]
[SourceTitle "EXT 2018"]
[Source "ChessBase"]
[SourceDate "2017.10.13"]
[SourceVersion "1"]
[SourceVersionDate "2017.10.13"]
[SourceQuality "1"]
[WhiteTeam "Hamburger SK U14"]
[BlackTeam "Porz SG U14"]
[WhiteTeamCountry "GER"]
[BlackTeamCountry "GER"]

1. e4 c5 2. Nf3 e6 3. d4 cxd4 4. Nxd4 a6 5. Nc3 Nc6 6. a3 Nf6 7. Be2 Qc7 8. 0-0 Be7 9. Be3 0-0 10. Kh1 Rd8 11. f4 b5 12. e5 Ne8 13. Bf3 Bb7 14. Ne4 d5 15. Ng3 g6 16. Rc1 Rac8 17. c3 Nxd4 18. Bxd4 Bc5 19. Ne2 Ng7 20. g4 Kh8 21. a4 Ra8 22. Qb3 Bxd4 23. cxd4 Qd7 24. Nc3 Bc6 25. axb5 Bxb5 26. Nxb5 axb5 27. Rc5 Rdb8 28. Be2 b4 29. Rfc1 Ne8 30. Qc2 Kg8 31. Rc6 Qa7 32. Rc5 Qb6 33. Qd2 Qa7 34. Rc6 Qe7 35. R6c5 Qa7 36. R5c2 1/2-1/2

[Event "GER-chT U14"]
[Site "Duesseldorf"]
[Date "2016.12.28"]
[Round "3.4"]
[White "Foo, Tzun Hong"]
[Black "Limpert, Tillmann"]
[Result "1-0"]
[WhiteElo "1751"]
[BlackElo "1288"]
[PlyCount "67"]
[EventDate "2016.12.27"]
[EventType "team-swiss"]
[EventRounds "7"]
[EventCountry "GER"]
[SourceTitle "EXT 2018"]
[Source "ChessBase"]
[SourceDate "2017.10.13"]
[SourceVersion "1"]
[SourceVersionDate "2017.10.13"]
[SourceQuality "1"]
[WhiteTeam "Hamburger SK U14"]
[BlackTeam "Biebertal U14"]
[WhiteTeamCountry "GER"]
[BlackTeamCountry "GER"]

1. e4 e5 2. Nf3 Nc6 3. Bb5 Nf6 4. 0-0 a6 5. Ba4 b5 6. Bb3 Bc5 7. Re1 0-0 8. c3 Bb7 9. d4 exd4 10. cxd4 Bb6 11. d5 Ne7 12. Bg5 Ne8 13. e5 d6 14. exd6 Nxd6 15. Bxe7 Qd7 16. Bxf8 Rxf8 17. Nc3 Qf5 18. Re5 Qf6 19. Qe2 h6 20. Re1 Qf4 21. Qc2 Qf6 22. Ne4 Qd8 23. Nxd6 cxd6 24. Re7 Bc8 25. Qc6 Bg4 26. Re8 Bxf2+ 27. Kxf2 Qf6 28. Rxf8+ Kh7 29. Qe8 Bxf3 30. gxf3 Qh4+ 31. Kg1 Qg5+ 32. Kh1 Qf5 33. Rh8+ Kg6 34. Qe4 1-0

[Event "GER-chT U14"]
[Site "Duesseldorf"]
[Date "2016.12.27"]
[Round "2.4"]
[White "Seref, Erdogan"]
[Black "Foo, Tzun Hong"]
[Result "1-0"]
[WhiteElo "1738"]
[BlackElo "1751"]
[PlyCount "75"]
[EventDate "2016.12.27"]
[EventType "team-swiss"]
[EventRounds "7"]
[EventCountry "GER"]
[SourceTitle "EXT 2018"]
[Source "ChessBase"]
[SourceDate "2017.10.13"]
[SourceVersion "1"]
[SourceVersionDate "2017.10.13"]
[SourceQuality "1"]
[WhiteTeam "Brackel U14"]
[BlackTeam "Hamburger SK U14"]
[WhiteTeamCountry "GER"]
[BlackTeamCountry "GER"]

1. e4 c5 2. Nf3 d6 3. c3 Nf6 4. Be2 Nc6 5. d4 cxd4 6. cxd4 Nxe4 7. d5 Qa5+ 8. Nc3 Nxc3 9. bxc3 Nb8 10. 0-0 g6 11. Qd4 Rg8 12. Rb1 a6 13. c4 Bg7 14. Qd1 Nd7 15. Be3 Nc5 16. Nd4 Qc7 17. Re1 Bd7 18. Bf3 Rb8 19. Bg5 f6 20. Qe2 Qd8 21. Bf4 Kf8 22. h4 Rh8 23. Bd2 f5 24. Nb3 Kf7 25. Nxc5 dxc5 26. Bf4 Rc8 27. Rxb7 Re8 28. Rb3 Bd4 29. Rb7 Bg7 30. g3 Kg8 31. Ra7 a5 32. Ra6 Kh8 33. h5 Bf6 34. Be5 Rf8 35. Bxf6+ exf6 36. Qe7 a4 37. hxg6 Qxe7 38. Rxe7 1-0

[Event "Hamburg-ch cand"]
[Site "Hamburg"]
[Date "2016.05.20"]
[Round "7"]
[White "Christensen, Andreas"]
[Black "Foo, Tzun Hong"]
[Result "0-1"]
[WhiteElo "1774"]
[BlackElo "1692"]
[PlyCount "64"]
[EventDate "2016.05.14"]
[EventType "swiss"]
[EventRounds "9"]
[EventCountry "GER"]
[SourceTitle "EXT 2018"]
[Source "ChessBase"]
[SourceDate "2017.10.13"]
[SourceVersion "1"]
[SourceVersionDate "2017.10.13"]
[SourceQuality "1"]

1. e4 c5 2. d4 cxd4 3. c3 dxc3 4. Nxc3 Nc6 5. Bc4 e6 6. Nf3 Bc5 7. a3 a6 8. 0-0 Nge7 9. Bg5 0-0 10. b4 Bb6 11. b5 axb5 12. Nxb5 d5 13. exd5 exd5 14. Bd3 Be6 15. Qb1 h6 16. Bh4 Rc8 17. Re1 Bc5 18. Ra2 Qd7 19. Bg3 Nf5 20. Ne5 Nxe5 21. Bxe5 Nd6 22. a4 b6 23. Nxd6 Bxd6 24. Qxb6 Bxe5 25. Rxe5 Rc1+ 26. Bf1 d4 27. Rb2 Qxa4 28. Rb1 Rfc8 29. Re1 Rxe1 30. Rxe1 Rc3 31. Re4 Rc1 32. Qxd4 Qa6 0-1

[Event "Hamburg-ch B-Klasse"]
[Site "Hamburg"]
[Date "2015.05.30"]
[Round "6"]
[White "Krueger, Dietrich"]
[Black "Foo, Tzun Hong"]
[Result "0-1"]
[WhiteElo "1341"]
[BlackElo "1398"]
[PlyCount "80"]
[EventDate "2015.05.23"]
[EventType "tourn"]
[EventRounds "7"]
[EventCountry "GER"]
[SourceTitle "EXT 2022"]
[Source "ChessBase"]
[SourceDate "2021.10.06"]
[SourceVersion "1"]
[SourceVersionDate "2021.10.06"]
[SourceQuality "1"]

1. d4 Nf6 2. Nc3 d5 3. Bf4 Bf5 4. e3 e6 5. Bb5+ c6 6. Bd3 Bb4 7. Bxf5 exf5 8. Nge2 Nbd7 9. a3 Bxc3+ 10. bxc3 Nb6 11. Qd3 0-0 12. Qxf5 Ne4 13. f3 Nd6 14. Qg4 Ndc4 15. h4 f5 16. Qg3 Qe8 17. Be5 Qf7 18. f4 Nd7 19. h5 h6 20. Kf2 Nf6 21. Qh3 Ng4+ 22. Kf3 Ncxe3 23. Rab1 Nxc2 24. Rhc1 Nxa3 25. Rb3 Nc4 26. Rcb1 Nd2+ 27. Kg3 Nxb1 28. Rxb1 b5 29. Nc1 a5 30. Nb3 Nxe5 31. fxe5 a4 32. Nc5 a3 33. e6 Qe7 34. Kf3 a2 35. Ra1 Ra3 36. Ke2 b4 37. Qd3 Qg5 38. Kd1 Qxh5+ 39. Kd2 Rxc3 40. Qe2 Rc2+ 0-1